Latino leaders speak: personal stories of struggle and triumph (Record no. 67053)

MARC details
000 -LEADER
campo de control de longitud fija 00556nmm a2200181Ia 4500
008 - DATOS DE LONGITUD FIJA--INFORMACIÓN GENERAL
campo de control de longitud fija 251105s9999||||xx |||||||||||||||||und||
020 ## - NÚMERO INTERNACIONAL ESTÁNDAR DEL LIBRO
Número Internacional Estándar del Libro 9781558858435
041 ## - CÓDIGO DE IDIOMA
Código de lengua del texto/banda sonora o título independiente eng
100 ## - ENTRADA PRINCIPAL--NOMBRE DE PERSONA
Nombre de persona Ibarra, Mickey
245 #0 - MENCIÓN DEL TÍTULO
Título Latino leaders speak: personal stories of struggle and triumph
264 ## - PRODUCCIÓN, PUBLICACIÓN, DISTRIBUCIÓN, FABRICACIÓN Y COPYRIGHT
Producción, publicación, distribución, fabricación y copyright [Washington, Estados Unidos] :
Nombre del de productor, editor, distribuidor, fabricante Arte Público Press,
Fecha de producción, publicación, distribución, fabricación o copyright 2017
300 ## - DESCRIPCIÓN FÍSICA
Extensión 272 páginas
650 ## - PUNTO DE ACCESO ADICIONAL DE MATERIA--TÉRMINO DE MATERIA
Término de materia o nombre geográfico como elemento de entrada Biography
700 ## - ENTRADA AGREGADA--NOMBRE PERSONAL
Nombre de persona Ibarra, Mickey
700 1# - ENTRADA AGREGADA--NOMBRE PERSONAL
Nombre de persona Pérez-Brown, Maria (eds.)
856 ## - LOCALIZACIÓN Y ACCESO ELECTRÓNICOS
Identificador Uniforme de Recursos <a href="https://public.digitaliapublishing.com/a/56054">https://public.digitaliapublishing.com/a/56054</a>
942 ## - ELEMENTOS DE ENTRADA SECUNDARIOS (KOHA)
Tipo de ítem Koha Libro Digital

No items available.

Powered by Koha